00598nam a2200205 i 4500001001100000003000500011005001700016008004100033020004400074040002500118082001600143100002900159245003400188264005800222300002400280336002100304337002500325338002300350650001900373C2-0341280PPAK20221018165521.0170313s2014 my gr 000 1 may d a9789674460198qpaperbackz9789674460206 aPPAKbengcPPAKerda04a899.2332230 aPistacia Vera, eauthor.10aUstaz Pink! /cPistacia Vera. 1aShah Alam, Selangor : bGrup Buku Karangkraf , c2014 a604 pages ; c18 cm atext2rdacontent aunmediated2rdamedia avolume2rdacarrier10aMalay fiction.